| 000 | 00708 a2200169 4500 | ||
|---|---|---|---|
| 003 | Nust | ||
| 005 | 20230529131241.0 | ||
| 040 | _cNust | ||
| 082 | _a808.83,GRA | ||
| 100 |
_aWilliams, Eliot Grawshay- _9112762 |
||
| 245 |
_aHotel Exit _bA Novel _cEliot Grawshay-Williams |
||
| 260 |
_aLondon _bJohn Long Limited _c1937 |
||
| 300 | _a330 p | ||
| 505 | _aMaxine Carter (Page-25), Ella Lining (Page-44), Auriol James (Page-62), Cora K. Vatch (Page-102), Yvonne Walters (Page-140), Ander Duval (Page-169), Jane Hastings (Page-189), Paul Johnson (Page-208), Ralapah Hunter (Page-243), Henry Smithers (Page-265), Milward Ferguson (Page-303), Martin York (Page-320). | ||
| 650 |
_aNovel _92525 |
||
| 942 |
_2ddc _cBK |
||
| 999 |
_c190992 _d190992 |
||